000 00497nam a2200181Ia 4500
005 20250508151716.0
008 008 250505s9999 xx 000 0 hin d
037 _aTextual
040 _aFEDL
_beng
_cFEDL
041 _ahin
_2hin
084 _a491.430 7, CHA
_qFEDL
100 _aChaturvedi Sita Ram
245 0 _aHindi shikshan-vidhan
260 _aBanaras, India
_bHindi-Sahitya-Kutir
300 _a140p.
942 _cTEXL
_h491.430 7, CHA
999 _c1331588
_d1331588